000 00437nam a2200169Ia 4500
008 230711s9999||||xx |||||||||||||| ||und||
020 _a978-95-325-4976-0
041 _aENG
082 _a621
_bMA-E
100 _aMasters,GilbertM
245 0 _aIntroduction to environmental engineering and science
250 _a3rd Ed.
260 _c2015
_aNew Delhi
_bPearson
650 _aCivil Engineering
700 _aEla,Wendell P
942 _cBK
999 _c4285
_d4285